| 000 | 00710nas a2200241 4500 | ||
|---|---|---|---|
| 001 | BR8202441 | ||
| 003 | BR-BrBNA | ||
| 005 | 20231205085145.0 | ||
| 007 | ta | ||
| 008 | 230509b bl.|||p| |||| 00| 00por d | ||
| 040 |
_aBR-BrBNA _bpor _cBiblioteca Nacional de Agricultura |
||
| 041 | _a(Pt) | ||
| 072 | _aF00 | ||
| 100 | 1 | _aAmorim Neto, S. | |
| 100 | 1 | _aOliveira, A.B. de | |
| 100 | 1 | _aFernandes, G.M.B. | |
| 245 | 1 | _aArroz: recomendacoes para utilizacao da cultivar IR 841 [Oryza sativa] | |
| 650 | _aARROZ | ||
| 650 | _aSISTEMA DE PRODUCAO | ||
| 773 | 0 |
_tLavoura (Brazil) _xISSN 0023-9135 _g(Jul 1982), v. 84 p. 44-45 _wBR8202441 |
|
| 909 |
_a202311 _bLúcia _c55 _dLúcia Elande |
||
| 942 |
_2AGRIS _n0 _cANA |
||
| 999 |
_c109603 _d109603 |
||